Catálogo
 En Linea

Éxito : (Registro nro. 21864)

Detalles MARC
000 -CABECERA
campo de control de longitud fija 02020nam a2200241 a 4500
001 - NÚMERO DE CONTROL
campo de control 000022366
005 - FECHA Y HORA DE LA ÚLTIMA TRANSACCIÓN
campo de control 20260428122630.0
008 - DATOS DE LONGITUD FIJA--INFORMACIÓN GENERAL
campo de control de longitud fija 101006s2009 dr ac r 001 0 spa d
020 ## - NÚMERO INTERNACIONAL ESTÁNDAR DEL LIBRO
Número Internacional Estándar del Libro 9789945406993
040 ## - FUENTE DE LA CATALOGACIÓN
Centro catalogador/agencia de origen DO-SdBNP
Lengua de catalogación spa
Centro/agencia transcriptor BNPHu
082 ## - NÚMERO DE LA CLASIFICACIÓN DECIMAL DEWEY
Número de clasificación 796.83
Número de documento/Ítem C957b
100 1# - ENTRADA PRINCIPAL--NOMBRE DE PERSONA
Nombre de persona Cruz Torres, Juan de la,
Fechas asociadas al nombre 1961-
9 (RLIN) 46132
245 10 - MENCIÓN DE TÍTULO
Título Éxito :
Resto del título boxeo olímpico dominicano /
Mención de responsabilidad, etc. Juan de la Cruz Torres ; prólogo Luis Mejía Oviedo.
260 ## - PUBLICACIÓN, DISTRIBUCIÓN, ETC.
Lugar de publicación, distribución, etc. Santo Domingo :
Nombre del editor, distribuidor, etc. Alfa y Omega,
Fecha de publicación, distribución, etc. 2009.
300 ## - DESCRIPCIÓN FÍSICA
Extensión 177 p. :
Otras características físicas il., retrs. ;
Dimensiones 23 cm.
500 ## - NOTA GENERAL
Nota general Incluye datos biográficos del autor en la solapa
500 ## - NOTA GENERAL
Nota general Félix Manuel Díaz Guzmán / campeón olímpico
505 0# - NOTA DE CONTENIDO CON FORMATO
Nota de contenido con formato Prólogo -- Nota del autor -- Agradecimiento -- Colaboradores -- Introducción -- Historia del boxeo -- Surgimiento del boxeo en la República Dominicana -- Breve reseña histórica -- El boxeo femenino -- Federación dominicana de boxeo -- (FEDOBOXA) -- Dirigentes que prestigian el boxeo -- La medalla que más brilla de América -- Félix Manuel Díaz Guzmán -- En boxeo presencia médica obligatoria -- Primer presidente de la comisión médica de la fedración de boxeo Dr. Juan A. Niemen -- Primer campeón olímpico beijing 2008 / Félix Manuel Díaz Guzmán -- Primer medallista olímpico de República Dominicana / Pedro Julio Nolasco -- Primer medalista panaméricano de manera individual de República Dominicana / Joan Tolentino Guzmán Amaro -- Primer medallista campeón mundial superior / Elio Enaí Rojas Suriel -- Campeones mundiales juveniles -- Héroes de barranquilla 1946 -- Juegos centroaméricanos y del Caribe, Medellín, Colombia 1978 -- Juegos panamericanos, su origen -- Boxeo República Dominicana en juegos olímpicos -- Primera mujer juez / Árbitro en participar en juegos centroamericanos y del Caribe -- Galería de fotos.
590 ## - NOTA LOCAL (RLIN)
Nota local Inventariado, 2019/VM
650 #4 - PUNTO DE ACCESO ADICIONAL DE MATERIA--TÉRMINO DE MATERIA
Término de materia o nombre geográfico como elemento de entrada Boxeo
Subdivisión general Historia
Subdivisión geográfica República Dominicana
9 (RLIN) 46133
650 #0 - PUNTO DE ACCESO ADICIONAL DE MATERIA--TÉRMINO DE MATERIA
Término de materia o nombre geográfico como elemento de entrada Juegos olímpicos
9 (RLIN) 46134
700 1# - PUNTO DE ACCESO ADICIONAL--NOMBRE DE PERSONA
Nombre de persona Mejía Oviedo, Luis,
Término indicativo de función/relación pról.
9 (RLIN) 46135
Existencias
Estado de retiro Estado de pérdida Restricciones de uso No para préstamo Código de colección Localización permanente Ubicación/localización actual Ubicación en estantería Fecha de adquisición Número de inventario Total de préstamos Signatura topográfica completa Código de barras Fecha visto por última vez Número de copia Precio válido a partir de Tipo de ítem Koha
        Dominicana de Servicio General General Depósito 06.10.2010 LF1   796.83 C957b 22366-30 25.06.2020 e. 3 25.06.2020 Libro y Folleto Colección Dominicana de Servicio
        Dominicana de Servicio General General Depósito 13.06.2019 LF1   796.83 C957b 22366-40 25.06.2020 e. 4 25.06.2020 Libro y Folleto Colección Dominicana de Servicio
        Dominicana de Servicio General General Depósito 13.06.2019 LF1   796.83 C957b 22366-50 25.06.2020 e. 5 25.06.2020 Libro y Folleto Colección Dominicana de Servicio
      Excluido de préstamo Patrimonio Dominicano Patrimonio Dominicano Patrimonio Dominicano Depósito 06.10.2010 LF1   796.83 C957b 22366-10 25.06.2020   25.06.2020 Libro y Folleto Colección Patrimonio Dominicano
      Excluido de préstamo Patrimonio Dominicano Patrimonio Dominicano Patrimonio Dominicano Depósito 06.10.2010 LF1   796.83 C957b 22366-20 25.06.2020 e. 2 25.06.2020 Libro y Folleto Colección Patrimonio Dominicano

Con tecnología Koha